CARBON REINFORCED EPOXY SYSTEM PART-V, MATERIALS TECHNOLOGY SERIES (Record no. 575355)

000 -LEADER
fixed length control field 00320nam a22001217a 4500
020 ## - INTERNATIONAL STANDARD BOOK NUMBER
International Standard Book Number 87762-343-0
082 ## - DEWEY DECIMAL CLASSIFICATION NUMBER
Classification number 620.193 CAR'H
100 ## - MAIN ENTRY--PERSONAL NAME
Personal name HILADO, CARLS J
9 (RLIN) 67624
245 ## - TITLE STATEMENT
Title CARBON REINFORCED EPOXY SYSTEM PART-V, MATERIALS TECHNOLOGY SERIES
250 ## - EDITION STATEMENT
Edition statement VOL-13
260 ## - PUBLICATION, DISTRIBUTION, ETC.
Place of publication, distribution, etc. HOLLAND
Name of publisher, distributor, etc. TECHNOMIC
Date of publication, distribution, etc. 1984
942 ## - ADDED ENTRY ELEMENTS (KOHA)
Koha item type Book
Holdings
Withdrawn status Lost status Damaged status Not for loan Permanent Location Current Location Shelving location Date acquired Total Checkouts Full call number Barcode Date last seen Price effective from Koha item type
        College of Electrical & Mechanical Engineering (CEME) College of Electrical & Mechanical Engineering (CEME) General Stacks 08/01/2017   620.193 CAR'H CEME-27802 06/28/2021 06/28/2021 Book
© 2023 Central Library, National University of Sciences and Technology. All Rights Reserved.